00804nam a2200205 a 4500008004100000020001500041050001500056100001800071245010500089260004700194300001300241350000900254650003200263650001400295650001700309700001700326995010800343999001700451952013000468071001s1992 ||||||||||||||||| || u a0792319877 aJC 571 Str aHelgesen, Jan14aThe strength of diversity: human rights and pluralist democracycedited by Allan Rosas; Jan Helgesen aDordrechtbMatnus Nijhoff Publishersc1992 ax, 253p. a0.00 aPLURALISM (SOCIAL SCIENCES) aDEMOCRACY 0aHUMAN RIGHTS aRosas, Allan D0.00FCBU-MAIN LIBRARY (Kitwe)H1I0.00M1UAVAILABLEWOct 1, 2007ZMain Library Open Access Collection c58613d58613 00102lcc4070a001b001cMain Library Open Access Collectiond2022-11-30l0oJC 571 Strp39891r2022-11-30w2022-11-30y002